000 00668nam a2200217Ii 4500
003 JO-AjNU
008 230606s9999||||xx |||||||||||||| ||und||
020 _a978-9-814-66073-0
040 _aJO-AjNU
_beng
_erda
_cJO-AjNU
041 _aeng
050 1 4 _aTA350.B3552 2016
100 3 _aBeer, Ferdinand/ Russel johnston/David Mazurek ,
_eauthor
_95211
245 0 0 _aVectore Mechanics for Engineers Statics
250 _a11 ed
264 3 1 _aNew York :Mcgraw hill ,2010
300 _a605p
336 _atext
_btxt
_2rdacontent
337 _aunmediated
_bn
_2rdamedia
338 _avolume
_bnc
_2rdacarrier
650 4 _aVectore Mechanics for Engineers Statics
_95212
999 _aE2693
_c2691
_d2691